|
|
|
|
| LEADER |
00000nkm a2200000 a 4500 |
| 001 |
vtls012076663 |
| 003 |
SK-MaSNL |
| 005 |
20260331212023.0 |
| 007 |
kf co |
| 008 |
211109s1978 xo g kuslo |
| 015 |
|
|
|a SNBG1978
|
| 040 |
|
|
|a SNK
|b slo
|c SNK
|e AACR2
|
| 041 |
0 |
|
|a slo
|
| 043 |
|
|
|a e-pl---
|a e-xo---
|
| 044 |
|
|
|a xo
|c SK
|
| 072 |
|
7 |
|a 908(437)
|x Vlastiveda Česka a Slovenska
|2 konspekt
|
| 080 |
|
|
|a 908(437.6)
|2 2011
|
| 080 |
|
|
|a 728.3
|2 2011
|
| 080 |
|
|
|a 72.012.8
|2 2011
|
| 080 |
|
|
|a 640.412
|2 2011
|
| 080 |
|
|
|a 630*10
|2 2011
|
| 080 |
|
|
|a 551.24.055
|2 2011
|
| 080 |
|
|
|a (084.121)
|2 2011
|
| 080 |
|
|
|a 913(437.6)
|2 2011
|
| 080 |
|
|
|a 911.2(23.0)
|2 2011
|
| 080 |
|
|
|a 796.92.071.2
|2 2011
|
| 080 |
|
|
|a 796.5:625.745.6
|2 2011
|
| 080 |
|
|
|a 725.84
|2 2011
|
| 080 |
|
|
|a 711.455
|2 2011
|
| 080 |
|
|
|a (234.372.4)
|2 2011
|
| 100 |
1 |
|
|a Schreiber, Bedrich
|c (fotograf)
|4 pht
|9 283348
|
| 245 |
1 |
0 |
|a Donovaly Rekreačné stredisko Závodu SNP, nositeľa Radu práce, Žiar nad Hronom
|h grafika
|b rekreačné stredisko Závodu SNP : pohľad na Nízke a Vysoké Tatry : Donovaly : klub v rekreačnom stredisku : hala rekreačného strediska : Prašivá
|c foto Bedrich Schreiber
|
| 246 |
3 |
1 |
|i Názov na obrazovej časti:
|a Donovaly
|
| 260 |
|
|
|a Bratislava
|b Pravda
|c 1978
|e [Bratislava]
|f TZP-B
|
| 300 |
|
|
|a 1 pohľadnica (6 čiastkových pohľadov)
|b farebná
|c 11 x 22 cm
|
| 520 |
8 |
|
|a Zobrazenie: Šesť čiastkových pohľadov, každý v bielom orámovaní, všetky spolu v červenom orámovaní. Vpravo dole je vodorovne bielym písmom na modrom podklade v bielom orámovaní názov. Pohľad na hotel so šikmou strechou až po prízemie. V popredí je množstvo snehu na rozsiahlej rovnej ploche. Vľavo je pred hotelom osobné auto. Pohľad na štyroch lyžiarov na zasneženom vrchu. V pozadí sú vrcholy hôr. Pohľad na rodinné domy a drevenice na zasneženom svahu. V pozadí vidno riedky ihličnatý les. Pohľad na interiér hotela, spoločenskú miestnosť s konferenčnými stolíkmi a sedačkami. Zo stropu visia dlhé stropné lampy. Pohľad na interiér hotela v podkroví so šikmým stropom obloženým drevom. V popredí je konferenčný stolík vľavo a vpravo niekoľko sedačiek. Vpravo vidno zábradlie schodišťa. Pohľad na turistické značenie zvrchu zasnežené. V pozadí sú rekreačné budovy na okraji zasneženého svahu. V pozadí sú vysoké hory
|
| 650 |
0 |
7 |
|a hotely
|2 SNKPH
|9 18422
|
| 650 |
0 |
7 |
|a lyžiari
|2 SNKPH
|9 55075
|
| 650 |
0 |
7 |
|a hory
|2 SNKPH
|9 55651
|
| 650 |
0 |
7 |
|a rodinné domy
|2 SNKPH
|9 2984
|
| 650 |
0 |
7 |
|a lesy
|2 SNKPH
|9 1437
|
| 650 |
0 |
7 |
|a vrchy a štíty
|2 SNKPH
|9 165131
|
| 650 |
0 |
7 |
|a interiéry
|2 SNKPH
|9 2953
|
| 650 |
0 |
7 |
|a turistické značenie
|2 SNKPH
|9 113621
|
| 650 |
0 |
7 |
|a rekreačné zariadenia
|2 SNKPH
|9 3012
|
| 650 |
0 |
7 |
|a rekreačné oblasti
|2 SNKPH
|9 69057
|
| 651 |
|
7 |
|a Donovaly (Slovensko)
|2 SNKPHgeo
|9 14559
|
| 651 |
|
7 |
|a Nízke Tatry (Slovensko : pohorie)
|2 SNKPHgeo
|9 173011
|
| 651 |
|
7 |
|a Vysoké Tatry (Poľsko a Slovensko : pohorie)
|2 SNK
|9 67729
|
| 651 |
|
7 |
|a Prašivá (Nízke Tatry, Slovensko : vrch)
|2 SNKPHgeo
|9 225210
|
| 655 |
|
7 |
|a geografické pohľadnice
|2 SNKPH
|9 70522
|
| 655 |
|
7 |
|a miestne pohľadnice
|2 SNKPH
|9 70510
|
| 958 |
|
|
|a GC
|
| 958 |
|
|
|a GBN
|
| 958 |
|
|
|a OND
|
| 999 |
|
|
|c 697849
|d 699779
|
| 952 |
|
|
|a SNK
|b SNK
|y PREZ
|7 0
|p 17A1410114
|o snkSP 105657
|0 0
|1 0
|4 0
|d 2021-11-09
|f 1
|l 0
|r 2026-02-23 20:47:36
|w 2026-02-23
|
| 952 |
|
|
|a SNK
|b SNK
|y PREZ
|7 0
|p 17A1410084
|o snkSP 105657 D1
|0 0
|1 0
|4 0
|d 2021-11-09
|l 0
|r 2026-02-23 20:47:36
|w 2026-02-23
|